00409nam a2200109Ia 4500008004100000050002300041100002400064245006500088260008600153300003300239521002700272140724s9999 xx 000 0 und d aTS 155b.G573 2013 aGo, Benjamin III P. aInventory system for Liwayway Grocery /cBenjamin P. Go III. aLas Piñas, Philippines :bSouthville International School and Colleges,cc2013. a82 p. :bcol. Ill. ;c28 cm. aInformation Technology